000 00666nam a2200229 i 4500
001 C2-0232177
003 PPAK
005 20180728085316.0
008 001230s1991 enka|||| ||||| | eng d
020 _a0749911565
040 _aPPAK
_beng
_cPPAK
_erda
082 0 4 _a615.53
_223
090 0 0 _a615.53
_bRYM
_dG
100 0 _aDaniele Ryman,
_eauthor
245 1 0 _aAromatherapy :
_bthe encyclopedia of plants and oils and how they help you
264 1 _aLondon :
_bJudy Piatkus ,
_c1991
300 _aix, 338 pages :
_billustrations ;
_c24 cm
336 _2rdacontent
_atext
337 _2rdamedia
_aunmediated
338 _2rdacarrier
_avolume
942 _ddc
_cB
999 _c151401
_d151401